Derecho público eclesiástico, donde se trata de la iglesia cristiana y de la concordia de la potestad sagrada con la civil / (Record no. 156837)

MARC details
000 -LEADER
campo de control de longitud fija 00784nam a2200181 4500
001 - NÚMERO DE CONTROL
campo de control 156837
003 - IDENTIFICADOR DE NÚMERO DE CONTROL
campo de control ES-MaACL
005 - FECHA Y HORA DE LA ÚLTIMA TRANSACCIÓN
campo de control 20230906210517.0
008 - DATOS DE LONGITUD FIJA--INFORMACIÓN GENERAL
campo de control de longitud fija 950118s1842 sp |||| | spa d
040 ## - FUENTE DE CATALOGACIÓN
Centro catalogador/agencia de origen EUS
Lengua de catalogación spa
Centro/agencia transcriptor EUS
100 1# - ENTRADA PRINCIPAL--NOMBRE DE PERSONA
Nombre de persona Lackics, Georgio Sigismundo.
9 (RLIN) 128560
245 10 - MENCIÓN DEL TÍTULO
Título Derecho público eclesiástico, donde se trata de la iglesia cristiana y de la concordia de la potestad sagrada con la civil /
Mención de responsabilidad, etc. obra que escribió en latín Jorge Sigismundo Lackics ; y traducida en castellano por Jacobo Gallegos-Fajardo.
260 ## - PUBLICACIÓN, DISTRIBUCIÓN, ETC.
Lugar de publicación, distribución, etc. Valencia :
Nombre del editor, distribuidor, etc. Librería de Mallen y sobrinos,
Fecha de publicación, distribución, etc. 1842 (
Fabricante Imprenta de J. Ferrer de Orga)
300 ## - DESCRIPCIÓN FÍSICA
Extensión 416 p. ;
Dimensiones 16 cm.
700 21 - ENTRADA AGREGADA--NOMBRE PERSONAL
Nombre de persona Gallegos-Fajardo, Jacobo,
Término indicativo de función/relación
9 (RLIN) 127191
852 ## - LOCALIZACIÓN
Ubicación ES-MaACL
Número de control de estantería D-2768
Nota libre -- Rust.
Holdings
Estatus retirado Estado de pérdida Estado de daño No para préstamo Colección Biblioteca de origen Biblioteca actual Ubicación en estantería Fecha de adquisición Fuente de adquisición Total de préstamos Signatura topográfica completa Código de barras Visto por última vez Precio de reemplazo Tipo de ítem Koha
        Libros del s. XIX Biblioteca del Ateneo de Madrid Biblioteca del Ateneo de Madrid Sala Valle Inclán 17/01/2008     D-2768 901164092 23/02/2023 23/02/2023 Libro impreso antiguo